00430nam a2200157Ia 4500999001700000003000400017005001700021008004100038040001800079082001900097100002700116245003800143260003800181300000900219942004400228 c18081d18081OSt20200606120050.0190216s9999||||xx |||||||||||||| ||und|| cMESKC library a891.431bBAF/P aBafna, Premalatha9363 0aPand Ka Kavya /cPremalatha Bafna bSahithya Sadan,aDehradun:c1969. a552p cBK2ddch891.431iBAF/Pk891.431mBAF/P